000 00577nam a2200205Ia 4500
003 GCL
005 20240530105954.0
008 140319s9999 xx 000 0 ara d
040 _aGCL /
_cGCL
082 0 4 _a813.03
_bا و
100 1 _aاحسان عبدالقدوس
245 1 0 _aومضت ايام اللؤلؤ /
_cاحسان عبدالقدوس
260 _a[S.N] :
_bمكتبة مصر
650 0 4 _aالادب العربى
650 0 4 _aالقصص العربية
650 0 4 _aمصر
650 0 4 _aالقصيدة
650 0 4 _aالمجموعات
942 _2ddc
_cBK
999 _c57837
_d57837